00569 a2200169 4500020001800000040001300018082001000031100001900041245007400060260002900134300001100163650002000174700001900194942002300213999001700236952014600253 a9780387485324 aDLCbDLC a005.8 aGertz, Michael aHandbook of database security applications and trendscGertz, Michael aNew YorkbSpringerc2008 a577 p. aData encryption aGertz, Michael cBKk005.8 GER2ddc c10764d10764 001040708NFICaCLbCLcAId2012-03-19eProgressive International Agenciesg15203.34l0o005.8 GERpSEECS010921r2012-11-14w2017-01-05yBK